Fußballer nach Land #9 - Statistiken

Allgemein
  • Dieses Quiz wurde 292 mal gespielt
  • Das Durchschnittsergebnis liegt bei 15 aus 18
Antwortstatistiken
Spieler Land % Korrekt
Kylian Mbappe Frankreich
98%
Ivan Rakitić Kroatien
97%
Zlatan Ibrahimovic Schweden
97%
Zinedine Zidane Frankreich
95%
Kaká Brasilien
94%
Robin van Persie Niederlände
94%
Luís Figo Portugal
94%
Thorgan Hazard Belgien
92%
Sepp Maier Deutschland
92%
Roberto Mancini Italien
91%
Shinji Kagawa Japan
91%
Samuel Eto'o Kamerun
83%
Arkadiusz Milik Polen
82%
Claudio Bravo Chile
76%
Karel Poborský Tschechien
75%
Ryan Babel Niederlände
73%
Victor Moses Nigeria
70%
Syam Ben Youssef Tunesien
49%
Keine übereinstimmenden Quizze gefunden
Verteilung der Resultate
Anzahl Personen mit jedem Resultat
Perzentil nach korrekt beantworteten Fragen
Ihre Resultats-Entwicklung
Sie haben dieses Quiz noch nicht gespielt